000 01989nam0a2200445 4500
001 RU\NLR\bibl\1745625
005 20260406135944.0
010 _a978-5-211-05883-5
_9500
021 _aRU
_b2011-9948
_9709
035 _a(nilc)RSL-KNO-004893224
035 _a(NLR Aleph) 001736521
090 _a1432532
_c1432532
100 _a20110221d2011 |||y0rusy50 ca
101 0 _arus
_deng
102 _aRU
105 _ay |||||||||
200 1 _aМ.В. Ломоносов и журналистика
_dM. Lomonosov and journalism
_fА.В. Западов
_zeng
205 _a2-е изд.
210 _aМосква
_cфакультет журналистики МГУ
_cИзд-во Московского университета
_d2011
215 _a116, [1] с.
_d22
300 _aАвт. также на англ. яз.: A. Zapadov
300 _aНа авантит.: 300 лет. М.В. Ломоносов, 1711-1765
300 _aРез. на англ. яз.
320 _aБиблиогр. в подстроч. примеч.
510 1 _6z48790
_aM. Lomonosov and journalism
_zeng
600 1 _aЛомоносов
_bМ.В.
_f1711 - 1765
_gМихаил Васильевич
_xи русская журналистика
_91525043
_3RU\NLR\auth\66663485
686 _aЧ612.3(2)46-8Ломоносов М.В.,0
_2rubbk
686 _aШ5(2=Р)4-4Ломоносов3
686 _aЧ612.3(2)46-8Ломоносов
700 1 _4070
_aЗападов
_bА. В.
_f1907-1997
_gАлександр Васильевич
_3RU\NLR\AUTH\7775044
_957972
702 1 _4570
_8rus
_7ca
_aЛомоносов
_bМ. В.
_f1711-1765
_gМихаил Васильевич
_3RU\NLR\AUTH\772859
_9112866
790 1 _4070
_aZapadov
_7ba
_8rus
_bA. V.
_f1907-1997
_gAleksandr Vasil'evič
_3RU\NLR\AUTH\77103352
_986278
801 0 _aRU
_bRuMoRKP
_c20110221
_grcr
801 1 _aRU
_bRuMoRGB
_c20110221
801 2 _aRU
_bNLR
_c20110314
_grcr
942 _cBOOK
980 _aNB
980 _aNBR